000 006600000a22001930004500
999 _c53986
_d53986
001 768714001
003 CO-MdFUSB
005 20170810120959.0
008 170810s1998 xxu||||| |||| 00| 0 eng d
022 _a0098-9444
040 _aCO-MdFUSB
_bspa
_cCO-MdFUSB
_dCO-MdFUSB
041 _aeng
100 1 _aMeshel, Ze'ev
_eautor
245 1 0 _aGovernments - in- exilie :
_bthe Judean wilderness as the last bastion of jewish revolst
300 _aVolumen 24. Número 6 (1998), Páginas 46-53
_c28 cm.
546 _aTexto en inglés
773 0 _tBiblical Archaeology Review
_049395
_959480
_gVolumen 24. Número 6 (1998), Páginas 46-53
_qPágina 46
942 _cANA